Online
Catalog

Capital justo : (Record no. 42469)

MARC details
000 -CABECERA
campo de control de longitud fija 00764nam a2200229 a 4500
001 - NÚMERO DE CONTROL
campo de control 000042980
005 - FECHA Y HORA DE LA ÚLTIMA TRANSACCIÓN
campo de control 20201002040539.0
008 - DATOS DE LONGITUD FIJA--INFORMACIÓN GENERAL
campo de control de longitud fija 140214s2003 sp a 000 0 spa d
020 ## - NÚMERO INTERNACIONAL ESTÁNDAR DEL LIBRO
ISBN cancelado o inválido 843108836
040 ## - FUENTE DE LA CATALOGACIÓN
Centro catalogador/agencia de origen DO-SdBNP
Lengua de catalogación spa
Centro/agencia transcriptor BNPHU
082 ## - NÚMERO DE LA CLASIFICACIÓN DECIMAL DEWEY
Número de clasificación xxx
Número de documento/Ítem T926c
100 1# - ENTRADA PRINCIPAL--NOMBRE DE PERSONA
Nombre de persona Tuner, Adair
9 (RLIN) 70475
240 10 - TÍTULO UNIFORME
Título uniforme Just capital. The liberal economy
Lenguaje de la obra eng
245 10 - MENCIÓN DE TÍTULO
Título Capital justo :
Resto del título la economía liberal /
Mención de responsabilidad, etc. Adair Tuner ; traducción de Mónica Rubio ; prólogo Ralf Dahrendorf.
260 ## - PUBLICACIÓN, DISTRIBUCIÓN, ETC.
Lugar de publicación, distribución, etc. Barcelona :
Nombre del editor, distribuidor, etc. Tusquets Editores,
Fecha de publicación, distribución, etc. 2003.
300 ## - DESCRIPCIÓN FÍSICA
Extensión 404 p. :
Otras características físicas il. ;
Dimensiones 23 cm.
490 1# - MENCIÓN DE SERIE
Mención de serie Kriterios
Designación de volumen o secuencia 12
500 ## - NOTA GENERAL
Nota general Bibliografía : p. 399-404
700 12 - PUNTO DE ACCESO ADICIONAL--NOMBRE DE PERSONA
Nombre de persona Rubio, Mónica
Término indicativo de función/relación tr.
9 (RLIN) 70476
700 12 - PUNTO DE ACCESO ADICIONAL--NOMBRE DE PERSONA
Nombre de persona Dahrendorf, Ralf
Término indicativo de función/relación pról.
9 (RLIN) 70477
830 #0 - PUNTO DE ACCESO ADICIONAL DE SERIE-TÍTULO UNIFORME
Título uniforme Kriterios
Número de parte o sección de la obra 12
9 (RLIN) 70478
Holdings
Estado de retiro Estado de pérdida Restricciones de uso No para préstamo Código de colección Localización permanente Ubicación/localización actual Ubicación en estantería Fecha de adquisición Número de inventario Total de préstamos Signatura topográfica completa Código de barras Fecha visto por última vez Precio válido a partir de Tipo de ítem Koha
      Excluido de préstamo Monografías: Libros y Folletos General General En catalogación 14.02.2014 LF1   xxx T926c 42980-10 25.06.2020 25.06.2020 No se presta

Powered by Koha